[Event "AUTO-OPEN-3653"]
[Site "http://www.queenalice.com/game.php?id=1423441"]
[Date "2016.5.17"]
[Round "1"]
[White "aadornellesf"]
[Black "Bategoll"]
[Result "1-0"]
[WhiteElo "1809"]
[BlackElo "1833"]

1. d4 d5 2. c4 dxc4 3. e3 Bf5 4. Bxc4 e6 5. Nf3 Nf6 6. O-O Nc6 7. a3 Be7 8. Nc3
O-O 9. Nh4 Be4 10. Nxe4 Nxe4 11. Nf3 Nd6 12. Bd3 Nf5 13. Qc2 g6 14. b4 Bf6 15.
Rd1 a6 16. Bb2 Qc8 17. Ne5 Nxe5 18. dxe5 Bg7 19. Rac1 c6 20. Qb3 Qb8 21. Bxf5
gxf5 22. f4 Qc7 23. Rd2 Qb6 24. Bd4 Qb5 25. Bc5 a5 26. a4 Qa6 27. b5 cxb5 28.
axb5 a4 29. bxa6 axb3 30. Bxf8 Rxa6 31. Bxg7 Kxg7 32. Rb2 Rb6 33. Rcb1 1-0

[Event "AUTO-OPEN-3653"]
[Site "http://www.queenalice.com/game.php?id=1423450"]
[Date "2016.5.17"]
[Round "1"]
[White "bouley"]
[Black "aadornellesf"]
[Result "0-1"]
[WhiteElo "2048"]
[BlackElo "2047"]

1. e4 e5 2. Bc4 Bc5 3. Nf3 Nc6 4. d3 h6 5. O-O Nf6 6. Nc3 Na5 7. Bb5 a6 8. Ba4
b5 9. Bb3 Nxb3 10. axb3 d6 11. h3 O-O 12. Be3 Bxe3 13. fxe3 c6 14. d4 Re8 15. d5
c5 16. Nd2 Nh7 17. Qf3 Rf8 18. Ne2 Ng5 19. Qf2 Bxh3 20. Qh4 Bd7 21. c4 Nh3+ 22.
Qxh3 Bxh3 23. gxh3 Qg5+ 24. Kh2 Qxe3 25. Ng3 Qxd2+ 26. Kh1 Qxb2 0-1

[Event "AUTO-OPEN-3653"]
[Site "http://www.queenalice.com/game.php?id=1423451"]
[Date "2016.5.17"]
[Round "1"]
[White "aadornellesf"]
[Black "bouley"]
[Result "1-0"]
[WhiteElo "2127"]
[BlackElo "2061"]

1. d4 Nf6 2. c4 g6 3. Nf3 Bg7 4. Bg5 O-O 5. e3 d5 6. Be2 Bg4 7. Nc3 c6 8. O-O
Nbd7 9. c5 Qc7 10. h3 Bf5 11. Bf4 Qa5 12. a3 Ne4 13. Nxe4 Bxe4 14. b4 Qd8 15.
Ng5 h6 16. Nxe4 dxe4 17. Qc2 f5 18. Rad1 Nf6 19. Bc4+ Kh7 20. Qe2 Nd5 21. Bxd5
cxd5 22. f3 g5 23. Bh2 exf3 24. Rxf3 e6 25. Rdf1 Qd7 26. Qd3 a6 27. g4 Kh8 28.
gxf5 exf5 29. Rxf5 Rxf5 30. Qxf5 Qxf5 31. Rxf5 Rd8 32. Kg2 Kh7 33. Rf7 Re8 34.
Be5 1-0

[Event "AUTO-MASTER-2499"]
[Site "http://www.queenalice.com/game.php?id=1435628"]
[Date "2016.8.10"]
[Round "1"]
[White "jovelino"]
[Black "aadornellesf"]
[Result "1-0"]
[WhiteElo "2279"]
[BlackElo "2134"]

1. e4 e5 2. Nf3 Nc6 3. Bb5 d6 4. d4 Bd7 5. Nc3 Nf6 6. O-O Be7 7. Re1 O-O 8. Bg5
a6 9. Bxc6 Bxc6 10. dxe5 dxe5 11. Nxe5 Nd7 12. Nxc6 bxc6 13. Bxe7 Qxe7 14. Qd4
Rfd8 15. Qe3 Rab8 16. b3 Nf6 17. f3 Qb4 18. Rad1 h6 19. Na4 a5 20. Qc5 Qxc5+ 21.
Nxc5 Kf8 22. Kf2 Ke7 23. Ke3 Ne8 24. c4 Nd6 25. Rd2 f6 26. h4 g6 27. Red1 h5 28.
f4 Ra8 29. a4 Rab8 30. Ke2 Ra8 31. g3 Rab8 32. e5 fxe5 33. fxe5 Nf7 34. Rxd8
Rxd8 35. Rxd8 Nxd8 36. Ke3 Ne6 37. Nxe6 Kxe6 38. Kf4 c5 39. Kg5 Kf7 40. e6+ Kxe6
41. Kxg6 1-0

[Event "AUTO-MASTER-2499"]
[Site "http://www.queenalice.com/game.php?id=1435629"]
[Date "2016.8.10"]
[Round "1"]
[White "aadornellesf"]
[Black "jovelino"]
[Result "0-1"]
[WhiteElo "2163"]
[BlackElo "2272"]

1. d4 Nf6 2. c4 c5 3. e3 g6 4. Nf3 Bg7 5. Be2 O-O 6. O-O Na6 7. Nc3 d6 8. d5 Nc7
9. b3 Ne4 10. Nxe4 Bxa1 11. Qc2 Bg7 12. h3 Bf5 13. Bd3 Bxe4 14. Bxe4 b5 15. Ne1
bxc4 16. Qxc4 a5 17. a4 Qb8 18. Bf3 Qb4 19. e4 Rfb8 20. Bd1 Qxc4 21. bxc4 Rb4
22. Bg5 Kf8 23. f3 Rxc4 24. Nc2 Rxa4 25. Ne3 Ra1 26. f4 Bd4 27. Kf2 a4 28. Ke2
Rb8 29. f5 Nb5 30. Nc2 Nc3+ 31. Kd2 Nxe4+ 0-1

[Event "AUTO-MASTER-2499"]
[Site "http://www.queenalice.com/game.php?id=1435642"]
[Date "2016.8.10"]
[Round "1"]
[White "aadornellesf"]
[Black "clovis"]
[Result "0-1"]
[WhiteElo "2183"]
[BlackElo "2131"]

1. d4 d5 2. c4 c6 3. e3 e6 4. Nf3 Nf6 5. Bd3 Nbd7 6. O-O Bd6 7. Nc3 dxc4 8. Bxc4
O-O 9. b3 e5 10. dxe5 Nxe5 11. Nxe5 Bxe5 12. Bb2 Bf5 13. Qe2 Bxh2+ 14. Kxh2 Ng4+
15. Kg3 Qg5 16. Rh1 Nxe3+ 17. Kh2 Qxg2# 0-1

[Event "AUTO-MASTER-2499"]
[Site "http://www.queenalice.com/game.php?id=1435643"]
[Date "2016.8.10"]
[Round "1"]
[White "clovis"]
[Black "aadornellesf"]
[Result "1/2-1/2"]
[WhiteElo "2137"]
[BlackElo "2133"]

1. e4 e5 2. Bc4 Nf6 3. Nc3 Be7 4. Nf3 d6 5. d4 exd4 6. Nxd4 O-O 7. O-O Bg4 8. f3
Bh5 9. Nf5 Nc6 10. Bg5 Na5 11. Nxe7+ Qxe7 12. Nd5 Qd8 13. Bxf6 gxf6 14. Qd4 Kg7
15. g4 Nxc4 16. Qxc4 Bg6 17. Qc3 c6 18. Ne3 Re8 19. Rad1 Qe7 20. g5 Qe5 21.
gxf6+ Qxf6 22. Qxf6+ Kxf6 23. Rxd6+ Ke7 24. Rfd1 Rad8 25. Rxd8 Rxd8 26. Rxd8
Kxd8 27. Kf2 Kd7 28. Kg3 Ke6 29. Kf4 f6 30. Nf5 c5 31. c4 a6 32. Ne3 b5 33. b3
b4 34. Nd5 a5 35. Nb6 Be8 36. Na4 Bxa4 37. bxa4 h6 38. Kg4 Ke5 39. Kh5 Kd4 40.
Kg6 Kxc4 41. Kxf6 b3 42. axb3+ Kxb3 43. e5 c4 44. e6 c3 45. e7 c2 46. e8=Q c1=Q
47. Qb5+ Ka3 48. Qxa5 Qc6+ 49. Kg7 Qxf3 50. Qb5 Qg2+ 51. Kxh6 Qxh2+ 52. Kg5 Qg2+
53. Kf6 Qf3+ 54. Ke6 Qe4+ 55. Kd6 Qxa4 1/2-1/2

[Event "AUTO-MASTER-2499"]
[Site "http://www.queenalice.com/game.php?id=1435644"]
[Date "2016.8.10"]
[Round "1"]
[White "aadornellesf"]
[Black "Clauceri"]
[Result "1-0"]
[WhiteElo "2132"]
[BlackElo "1745"]

1. d4 f5 2. c4 Nf6 3. e3 e6 4. Nf3 d5 5. Nc3 c6 6. Be2 Bd6 7. O-O O-O 8. c5 Bc7
9. Ne5 Nbd7 10. f4 Nxe5 11. fxe5 Ne4 12. Nxe4 dxe4 13. Bc4 b6 14. cxb6 axb6 15.
Qh5 g6 16. Qh3 1-0

[Event "AUTO-MASTER-2499"]
[Site "http://www.queenalice.com/game.php?id=1435645"]
[Date "2016.8.10"]
[Round "1"]
[White "Clauceri"]
[Black "aadornellesf"]
[Result "0-1"]
[WhiteElo "1745"]
[BlackElo "2131"]

1. c4 e5 2. Nc3 Nf6 3. g3 Be7 4. Bg2 O-O 5. d3 c6 6. Nf3 d6 7. O-O Bg4 8. Nd2
Nbd7 9. b4 Rb8 10. Rb1 Qc7 11. a4 a6 12. b5 Nc5 13. b6 Qd7 14. a5 Ne6 15. h3 Bf5
0-1

[Event "AUTO-OPEN-3653"]
[Site "http://www.queenalice.com/game.php?id=1441957"]
[Date "2016.9.18"]
[Round "2"]
[White "leeroy1"]
[Black "aadornellesf"]
[Result "1-0"]
[WhiteElo "2060"]
[BlackElo "2114"]

1. Nc3 e6 2. Nf3 d5 3. a3 Nf6 4. d4 Be7 5. Bf4 O-O 6. Qc1 c5 7. Bd2 Nc6 8. e3 a6
9. Ne2 Ne4 10. c3 c4 11. Ng3 Nxd2 12. Qxd2 b5 13. Ne5 Nxe5 14. dxe5 Qc7 15. f4
f6 16. exf6 Bxf6 17. Be2 Bb7 18. Bf3 Bh4 19. O-O-O a5 20. Ne2 Be7 21. Nd4 Qb6
22. Qc2 b4 23. a4 bxc3 24. bxc3 Rab8 25. Kd2 Bf6 26. Rb1 Qd6 27. Nb5 Qd7 28. g4
Bc6 29. g5 Be7 30. Rhg1 Bxb5 31. axb5 Rxb5 32. Rxb5 Qxb5 33. Rb1 Qc5 34. Bg4 1-0

[Event "AUTO-OPEN-3653"]
[Site "http://www.queenalice.com/game.php?id=1441958"]
[Date "2016.9.18"]
[Round "2"]
[White "aadornellesf"]
[Black "leeroy1"]
[Result "0-1"]
[WhiteElo "2086"]
[BlackElo "2085"]

1. d4 g6 2. e4 Bg7 3. Nf3 d6 4. Bc4 h6 5. O-O Bg4 6. h3 Bd7 7. Be3 Qc8 8. Kh2 g5
9. Ng1 b5 10. Bb3 g4 11. f4 gxh3 12. Nxh3 c5 13. Bd5 Nc6 14. Qh5 e6 15. Bxc6
Bxc6 16. Qg4 Rh7 17. e5 d5 18. Nd2 c4 19. f5 exf5 20. Qxf5 Qxf5 21. Rxf5 Bd7 22.
Rf3 Bxh3 23. Kxh3 a6 24. Raf1 Bf8 25. Bf2 h5 26. Bh4 Be7 27. a3 Bxh4 28. Kxh4
Ra7 29. Rf5 Re7 30. Rxh5 Rxh5+ 31. Kxh5 Re6 32. Rf2 Ne7 33. g4 a5 34. Rf6 Nc6
0-1

[Event "AUTO-OPEN-3653"]
[Site "http://www.queenalice.com/game.php?id=1441961"]
[Date "2016.9.18"]
[Round "2"]
[White "LUKK22"]
[Black "aadornellesf"]
[Result "1-0"]
[WhiteElo "2764"]
[BlackElo "2114"]

1. g4 d5 2. Bg2 Bxg4 3. c4 Nf6 4. Qb3 b6 5. cxd5 Nbd7 6. h3 Bh5 7. d4 Rc8 8. Nc3
g6 9. e4 Bg7 10. e5 Ng8 11. Nb5 a6 12. Na7 Ra8 13. Nc6 1-0

[Event "AUTO-OPEN-3653"]
[Site "http://www.queenalice.com/game.php?id=1441962"]
[Date "2016.9.18"]
[Round "2"]
[White "aadornellesf"]
[Black "LUKK22"]
[Result "0-1"]
[WhiteElo "2114"]
[BlackElo "2763"]

1. d4 g6 2. e4 Bg7 3. Nf3 d6 4. Bc4 Nf6 5. O-O Nxe4 6. Re1 d5 7. Bb3 O-O 8. c3
c5 9. dxc5 e6 10. Be3 Nd7 11. Nbd2 Nexc5 12. Bc2 b6 13. Bd4 Qc7 14. Nb3 Bb7 15.
Bxg7 Kxg7 0-1

[Event "AUTO-OPEN-3839"]
[Site "http://www.queenalice.com/game.php?id=1491277"]
[Date "2017.8.23"]
[Round "1"]
[White "aadornellesf"]
[Black "Eggchaser"]
[Result "0-1"]
[WhiteElo "1919"]
[BlackElo "1904"]

1. d4 Nf6 2. c4 c5 3. e3 cxd4 4. exd4 e6 5. Nf3 Bb4+ 6. Bd2 Nc6 7. Be2 Qa5 8.
O-O Bxd2 9. Nbxd2 O-O 10. Nb3 Qc7 11. Rc1 d5 12. cxd5 exd5 13. Ne5 Qb6 14. Nf3
Bg4 15. h3 Bf5 16. Re1 Rfe8 17. Bd3 Rxe1+ 18. Qxe1 Bxd3 0-1

[Event "AUTO-OPEN-3839"]
[Site "http://www.queenalice.com/game.php?id=1491278"]
[Date "2017.8.23"]
[Round "1"]
[White "Eggchaser"]
[Black "aadornellesf"]
[Result "1-0"]
[WhiteElo "1904"]
[BlackElo "1936"]

1. e4 e5 2. Nf3 Nc6 3. Bb5 a6 4. Ba4 d6 5. Bxc6+ bxc6 6. O-O Nf6 7. d3 Be7 8. b3
O-O 9. Bb2 Bb7 10. Nbd2 Qd7 11. d4 exd4 12. Nxd4 c5 13. Nf5 Bxe4 14. Nxe7+ Qxe7
15. Bxf6 gxf6 16. Re1 1-0

[Event "AUTO-OPEN-3839"]
[Site "http://www.queenalice.com/game.php?id=1491281"]
[Date "2017.8.23"]
[Round "1"]
[White "aadornellesf"]
[Black "gomague"]
[Result "1-0"]
[WhiteElo "1902"]
[BlackElo "1691"]

1. d4 d5 2. c4 dxc4 3. e3 e5 4. Bxc4 exd4 5. exd4 Nf6 6. Nf3 Bb4+ 7. Nc3 Qe7+ 8.
Be3 O-O 9. O-O Ne4 10. Qc2 Re8 11. Nxe4 Qxe4 12. Bxf7+ Kxf7 13. Ng5+ 1-0